Formas de suspensión y culminación de la relación laboral (Registro nro. 22104)
[ vista simple ]
| 000 -Cabecera | |
|---|---|
| Campo de control interno | 00816nam a2200229Ia 4500 |
| 005 - Fecha y hora del registro | |
| control field | 20260416133714.0 |
| 008 - Elementos de Longitud Fija | |
| fixed length control field | 260320s9999||||xx |||||||||||||| ||und|| |
| 020 ## - ISBN | |
| ISBN | 9786123331726 |
| 041 ## - Idioma | |
| Codigo Idioma | ESP |
| 082 ## - DEWEY y NOTACIÓN INTERNA | |
| Dewey | 348.6 |
| Notación Interna | T22G |
| 100 ## - AUTOR | |
| Autor denominación | Tarazona Pinedo, Manolo Narciso, |
| Término de relación | autor |
| 245 #0 - TÍTULO DE MATERIAL BIBLIOGRÁFICO | |
| Título | Formas de suspensión y culminación de la relación laboral |
| 250 ## - EDICIÓN | |
| Edición | Primera edición |
| 260 ## - CIUDAD, EDITORIAL, AÑO | |
| Ciudad | Lima : |
| Nombre de la Editorial | Gaceta Jurídica, |
| Año | 2026 |
| 300 ## - DESCRIPCIÓN | |
| N° Páginas | 93 páginas : |
| Otros detalles | cuadros ; |
| Dimensiones | 24 cm. |
| 650 ## - TEMAS | |
| Temas | Ciencias Sociales |
| 653 ## - DESCRIPTORES | |
| Lenguajes no controlado | Derecho del trabajo |
| 654 ## - PROGRAMAS | |
| Programa | |
| 856 ## - URL - UBICACIÓN | |
| URI/URL: Enlace exacto del recurso | <a href="https://0u214rwr9-y-https-app-vlex-com.itmsp.museknowledge.com/search/jurisdiction:PE/formas+de+suspensi%C3%B3n+y+culminaci%C3%B3n+de+la+relaci%C3%B3n+laboral">https://0u214rwr9-y-https-app-vlex-com.itmsp.museknowledge.com/search/jurisdiction:PE/formas+de+suspensi%C3%B3n+y+culminaci%C3%B3n+de+la+relaci%C3%B3n+laboral</a> |
| Nota pública: Versión digital | <a href="Véase además: Base de datos Vlex">Véase además: Base de datos Vlex</a> |
| 942 ## - ELEMENTOS DE KOHA | |
| Tipo de documento | Libro |
| Nombre del creador | Justo Noguera |
| Código de catalogador | Mirtha Ponce |
| Esquema de clasificación | Dewey Decimal Classification |
| Codigo completo | Registro | Colección | Copia número | Disponibilidad | Tipo de préstamo | Biblioteca Actual | Procedencia (Biblioteca) | Ubicacón | Fecha Ingreso | Tipo de Adquisición | Observación | Date last seen | Total checkouts | Price effective from | Tipo de Item | Estado del Material | Fuente de Clasificación | Damaged status | Withdrawn status |
|---|---|---|---|---|---|---|---|---|---|---|---|---|---|---|---|---|---|---|---|
| 348.6 T22G | 1088136 | Universidad Católica San Pablo | 1 | No disponible | Proceso | Víctor Andrés Belaunde | Víctor Andrés Belaunde | Primer piso | 10/03/2026 | Suscripción | Contabilidad | 20/03/2026 | 20/03/2026 | Libro | Bueno | Dewey Decimal Classification | Withdrawn |




